[Event "8th Llucmajor Open 2019"]
[Site "S'Arenal de Llucmajor"]
[Date "2019.05.19"]
[Round "1.1"]
[White "Petrov, Nikita"]
[Black "Schenk Papke, Andres"]
[Result "1-0"]
[WhiteElo "2610"]
[BlackElo "2096"]
[Annotator "TA"]
[PlyCount "117"]
[EventDate "2019.05.19"]
[EventType "swiss"]
[EventCountry "ESP"]
[SourceTitle "playchess.com"]
[Source "ChessBase"]
[SourceQuality "1"]

{[%evp 15,117,23,13,17,88,65,72,40,44,45,43,35,37,37,45,37,112,51,112,99,124,87,113,113,98,94,182,81,77,56,118,34,77,80,104,56,55,55,58,19,52,55,55,60,57,56,50,50,59,46,58,26,21,17,18,16,10,18,46,63,62,25,23,20,30,0,0,0,51,0,77,0,0,0,0,0,7,7,7,0,279,384,314,422,408,399,444,435,477,477,468,405,732,694,1723,1603,2558,2320,3697,3040,2438,1568,5617,5513]} 1. Nf3 c5 2. c4 Nc6 3. Nc3 g6 4. e3 Nf6 5. d4 cxd4 6. exd4 d5 7. cxd5 Nxd5 8. Qb3 e6 9. Bb5 {A35: Symmetrical English: 2 Nc3 Nc6 3 Nf3} Nc7 $146 (9... Bg7 $11 {remains equal.}) ({Predecessor:} 9... Bg7 10. O-O O-O 11. Bxc6 bxc6 12. Re1 Qc7 13. h3 Rb8 14. Qd1 Rd8 15. Ne4 h6 16. Bd2 Kh7 17. Rb1 Rb5 {1-0 (78) Cheparinov,I (2709)-Alekseev,E (2639) St Petersburg 2018}) 10. Bxc6+ (10. O-O {keeps more tension.} Bg7 11. Bg5 f6 12. Bf4 O-O 13. Rfe1) 10... bxc6 11. O-O {White is better.} Bg7 12. Bg5 f6 13. Bf4 Nd5 14. Bg3 Nxc3 15. Qxc3 Qb6 (15... O-O $14) 16. Rac1 (16. Bd6 $16) 16... Bd7 (16... O-O $14) 17. Qa3 Kf7 18. Rc3 Bf8 19. Bd6 Bxd6 20. Qxd6 Rhd8 (20... Qd8 $16 {keeps fighting.}) 21. Rb3 (21. Ne5+ $18 {and White stays clearly on top.} fxe5 22. Rh3) 21... Qa5 $16 22. Qf4 {[#] Strongly threatening Ne5+.} Kg7 (22... Qf5 $14 23. Qh6 Qh5) 23. Nd2 (23. Rb7 $16 {Threatens to win with Qd6.} Qd5 24. Rc1) 23... Rf8 24. Ne4 Qf5 25. Qxf5 exf5 26. Nc5 Rf7 27. Re1 Re8 28. Rxe8 Bxe8 $14 {[%mdl 4096] Endgame KRB-KRN} 29. Re3 Bd7 $1 30. f4 Kf8 31. Kf2 Re7 32. Rb3 Be6 33. Rb8+ Kf7 34. b3 Bd5 35. Rd8 h5 36. h4 Re8 37. Rd6 Re7 38. a4 Rc7 $1 {[#] aiming for ...Ke7.} 39. Rd8 Re7 40. Ra8 Kg7 41. g3 Kf7 ({Black should try} 41... g5 $1 $11) 42. Rd8 (42. a5 $14) 42... Re8 (42... g5 $1 $11) 43. Rxe8 ({Better is} 43. Rd6 $16) 43... Kxe8 $16 {KB-KN} 44. Ke3 Ke7 45. Kd3 Kd6 46. Nb7+ Kc7 47. Na5 Kb6 $2 {[%mdl 8192]} (47... Kd6 $11 {and Black stays safe.}) 48. Nc4+ $18 Kc7 49. Kc3 Bf3 50. Kb4 Bd1 51. Ne3 Bf3 {intending ...Kd6.} 52. Kc5 Kd7 53. b4 {[%cal Bb3b4,Bb4b5][%mdl 32]} Be4 (53... Be2 $142 54. d5 cxd5 55. Nxd5 Bf3 56. Nxf6+ Ke7) 54. b5 {White is clearly winning.} Kc7 55. Nc4 Bf3 56. Na5 cxb5 57. axb5 Be4 58. d5 Kd7 59. Nc6 {Accuracy: White = 61%, Black = 29%.} 1-0

[Event "8th Llucmajor Open 2019"]
[Site "S'Arenal de Llucmajor"]
[Date "2019.05.19"]
[Round "1.3"]
[White "Santos Latasa, Jaime"]
[Black "Santamaria Mas, Vicens"]
[Result "1-0"]
[WhiteElo "2587"]
[BlackElo "2084"]
[Annotator "TA"]
[PlyCount "44"]
[EventDate "2019.05.19"]
[EventType "swiss"]
[EventCountry "ESP"]
[SourceTitle "playchess.com"]
[Source "ChessBase"]
[SourceQuality "1"]

{[%evp 14,44,29,26,41,28,28,24,23,27,28,31,37,17,14,12,29,32,69,66,70,52,59,64,54,63,33,34,76,57,83,74,101]} 1. Nf3 d5 2. e3 Nf6 3. c4 c6 4. Nc3 a6 5. d4 g6 6. Be2 Bg7 7. O-O O-O 8. b3 Bg4 {D94: Grünfeld: 4 Nf3 Bg7 5 e3} (8... b5 9. cxd5 cxd5 10. Ne5 Bb7 {½-½ (10) Alekseev,E (2639)-Tabatabaei,M (2590) Bandar e Anzali 2019}) 9. Ba3 Re8 10. Rc1 e6 {White has an edge.} 11. h3 Bxf3 12. Bxf3 Nbd7 13. g3 $146 ({Predecessor:} 13. Qd2 Qb8 14. e4 dxe4 15. Bxe4 Nxe4 16. Nxe4 {½-½ (58) Elsness,F (2494)-Johannessen,L (2520) Lillehammer 2013}) 13... Rc8 14. Bg2 Nb6 15. Qe2 Nfd7 16. Rfd1 $36 {[%mdl 2048] White is pushing.} Na8 17. e4 dxc4 18. bxc4 Qa5 19. Bb2 e5 20. dxe5 Rcd8 21. f4 Nab6 22. Kh2 Nc5 {Accuracy: White = 57%, Black = 72%.} 1-0

[Event "8th Llucmajor Open 2019"]
[Site "S'Arenal de Llucmajor"]
[Date "2019.05.19"]
[Round "1.4"]
[White "Skou, Niels"]
[Black "Sumets, Andrey"]
[Result "1/2-1/2"]
[WhiteElo "2076"]
[BlackElo "2585"]
[Annotator "TA"]
[PlyCount "74"]
[EventDate "2019.05.19"]
[EventType "swiss"]
[EventCountry "ESP"]
[SourceTitle "playchess.com"]
[Source "ChessBase"]
[SourceQuality "1"]

{[%evp 10,74,0,-4,16,20,22,18,22,18,17,10,33,20,20,8,22,0,-2,0,0,-3,0,-18,-8,-10,-11,-20,-8,-13,-13,-19,0,0,0,0,0,0,0,0,10,0,0,0,0,0,0,0,0,0,0,0,0,0,0,0,115,108,122,78,77,0,131,0,65,0,107]} 1. d4 Nf6 2. c4 e6 3. Nc3 Bb4 4. Qc2 O-O 5. Nf3 d5 6. Bg5 h6 {E32: Nimzo-Indian: Classical (4 Qc2): 4...0-0} (6... dxc4 {seems wilder.} 7. a3 Bxc3+ 8. bxc3 c5 9. e3 cxd4 10. Bxf6 gxf6 11. exd4 Qc7) 7. Bxf6 Qxf6 8. a3 Bxc3+ $1 9. Qxc3 dxc4 10. Qxc4 c6 (10... Nc6 11. Qc3 Re8 12. Ne5 Rb8 13. g3 Rd8 14. e3 Nxe5 15. dxe5 {0-1 (110) Topalov,V (2740)-Ding,L (2812) Shamkir 2019}) 11. e3 Nd7 12. Qc3 $146 ({Predecessor:} 12. Be2 e5 13. O-O Re8 14. Rac1 e4 15. Nd2 {½-½ (35) Rocha,S (2378)-Palac,M (2600) Lisbon 2017}) 12... Re8 13. Be2 e5 14. dxe5 Nxe5 15. Rc1 Bf5 16. O-O (16. Nd4 {with more complications.} Bg4 17. f3 Bd7 18. O-O Rad8 19. e4) 16... Nxf3+ 17. Bxf3 Qxc3 18. Rxc3 Rad8 19. b4 Rd2 20. g4 Bc2 21. Kg2 Red8 22. Rc1 Ba4 23. Be4 R8d6 24. Kg3 g5 25. h3 Kg7 26. Rc5 a6 27. R5c3 Ra2 28. Bb1 Rb2 29. Bc2 Bb5 30. h4 Rd2 31. hxg5 hxg5 32. f4 Bf1 (32... gxf4+ $11 {remains equal.} 33. exf4 Ra2) 33. fxg5 $16 Rg2+ 34. Kf4 Rf2+ 35. Kg3 (35. Ke5 $142) 35... Rg2+ 36. Kf4 ({White has to play} 36. Kf3 $16) 36... Rf2+ $1 $14 37. Kg3 Rg2+ {Accuracy: White = 75%, Black = 73%.} 1/2-1/2

[Event "8th Llucmajor Open 2019"]
[Site "S'Arenal de Llucmajor"]
[Date "2019.05.19"]
[Round "1.5"]
[White "Bernadskiy, Vitaliy"]
[Black "Tanner, Robert B"]
[Result "1-0"]
[WhiteElo "2572"]
[BlackElo "2013"]
[Annotator "TA"]
[PlyCount "45"]
[EventDate "2019.05.19"]
[EventType "swiss"]
[EventCountry "ESP"]
[SourceTitle "playchess.com"]
[Source "ChessBase"]
[SourceQuality "1"]

{[%evp 9,45,64,66,73,64,69,133,123,132,111,107,98,168,180,173,181,182,182,182,182,182,174,187,180,239,242,227,247,247,243,362,370,423,448,432,436,420,366]} 1. d4 c5 2. d5 e5 3. c4 d6 4. Nc3 Be7 5. Nf3 f5 (5... Nf6 6. e4 O-O 7. Bd3 Ne8 8. a3 g6 9. Bh6 Ng7 10. Qd2 Nd7 11. g4 Nf6 12. h3 Kh8 13. O-O-O Ng8 14. Rdg1 Nxh6 15. Qxh6 f6 {½-½ (33) Cori Tello,J (2496)-Ortiz Suarez,I (2576) San Cristobal 2012}) 6. e4 {A44: Semi-Benoni} f4 7. g3 fxg3 (7... Nf6 $1 $14) 8. hxg3 $16 {White is clearly better.} Bg4 $146 ({Predecessor:} 8... Nf6 9. Bh3 Na6 10. Qa4+ Bd7 11. Bxd7+ Nxd7 12. Be3 O-O 13. Qd1 {0-1 (49) Tencati,G (2080)-Tocchioni,D (2260) Montecatini Terme 1996}) 9. Be2 Nd7 10. Be3 Nf8 (10... a6 $16) 11. Nxe5 $18 Bxe2 12. Qa4+ {[%mdl 64] [#] Zwischenzug} ({Not} 12. Kxe2 dxe5 13. Qb3 Qc8 $17) 12... Nd7 13. Nxd7 Qxd7 14. Qxd7+ Kxd7 15. Kxe2 Bf6 16. Kd3 Ne7 (16... h5 {was necessary.} 17. Rab1 Bxc3) 17. f4 b6 18. Rab1 h6 19. a3 a6 (19... a5 $142 20. Nb5 Ng6) 20. b4 Rab8 21. bxc5 bxc5 {[#]} 22. e5 $1 {[%mdl 512]} dxe5 23. Ne4 {Accuracy: White = 76%, Black = 46%.} 1-0

[Event "8th Llucmajor Open 2019"]
[Site "S'Arenal de Llucmajor"]
[Date "2019.05.19"]
[Round "1.6"]
[White "Planas Gene, Juan"]
[Black "Fier, Alexandr"]
[Result "0-1"]
[WhiteElo "2054"]
[BlackElo "2555"]
[Annotator "TA"]
[PlyCount "66"]
[EventDate "2019.05.19"]
[EventType "swiss"]
[EventCountry "ESP"]
[SourceTitle "playchess.com"]
[Source "ChessBase"]
[SourceQuality "1"]

{[%evp 22,66,-53,-53,0,-77,-68,-62,-72,-94,-67,-78,-69,-90,-58,-139,-103,-139,-25,-70,-18,-16,11,11,10,6,10,11,21,16,75,0,0,-14,0,-50,-31,-84,-85,-156,-179,-572,-553,-607,-603,-587,-577]} 1. d4 Nf6 2. c4 c5 3. d5 e6 4. Nc3 {[%cal Bb1c3,Bc3e4,Be4d6][%mdl 32]} exd5 5. cxd5 d6 6. e4 g6 7. f4 Bg7 8. e5 Nfd7 9. Ne4 dxe5 10. Nd6+ Ke7 11. Nxc8+ Qxc8 12. Nf3 Re8 {A66: Modern Benoni: Mikenas Attack} (12... Rd8 $15) 13. Be2 (13. f5 $11 {remains equal.}) (13. fxe5 Nxe5 14. Bb5 Nbd7 15. Nxe5 Kf8 16. O-O Rxe5 17. Bf4 c4 18. Qd4 Rf5 19. Qxc4 Qxc4 20. Bxc4 Bxb2 21. Rab1 Bd4+ 22. Kh1 {½-½ (30) Jojua,D (2548)-Khotenashvili,B (2531) Denizli 2013}) 13... Kf8 $1 $17 14. fxe5 Nxe5 {Black is slightly better.} 15. O-O $146 ({Predecessor:} 15. Nxe5 Bxe5 16. O-O Bd4+ 17. Kh1 Nd7 18. Bh6+ Kg8 19. Rb1 Qd8 20. b4 {1-0 (37) Moehring,G (2313)-Koenig,P (2078) Berlin 2005}) 15... Nbd7 $1 16. Ng5 Kg8 17. Bf4 Qd8 18. Bb5 (18. Kh1 $15) 18... Rf8 19. Qb3 {[#]} Nb6 (19... c4 $1 $17 {[%mdl 512]} 20. Bxc4 Nxc4 21. Qxc4 Nb6 {[%mdl 64] Double Attack}) 20. Rae1 $11 h6 (20... a6 $15 21. Bxe5 Qxg5 22. Bxg7 Kxg7 23. Qc3+ Kg8 24. Qxc5 axb5 25. Qxb6 Qxd5) 21. Bxe5 Qxg5 22. Bxg7 Kxg7 23. Qc3+ Kg8 $1 24. d6 Qd5 25. Rd1 $1 {[%cal Rd1d5]} Qxa2 (25... Qg5 $11) 26. b3 (26. d7 $16) 26... Qa3 $1 27. Rf6 Qb4 28. Qd3 {Strongly threatening Rxg6+.} Kg7 (28... Qd4+ $5 29. Qxd4 cxd4 30. Rxd4 Kg7 $15) 29. Rf2 (29. Rdf1 $15) 29... Rad8 $17 30. d7 {[#]} ({White should try} 30. Re2) 30... a6 $1 {[%cal Ra6b5]} 31. Bc4 $2 (31. Ba4 {nothing else works.}) 31... Rxd7 $19 {Black is clearly winning.} 32. Qc2 Rxd1+ {[%mdl 64] Overworked Piece} 33. Qxd1 Nxc4 {Accuracy: White = 32%, Black = 37%.} 0-1

[Event "8th Llucmajor Open 2019"]
[Site "S'Arenal de Llucmajor"]
[Date "2019.05.19"]
[Round "1.7"]
[White "Rasmussen, Allan Stig"]
[Black "Sayrol Clols, Josep Maria"]
[Result "1-0"]
[WhiteElo "2552"]
[BlackElo "2054"]
[Annotator "TA"]
[PlyCount "61"]
[EventDate "2019.05.19"]
[EventType "swiss"]
[EventCountry "ESP"]
[SourceTitle "playchess.com"]
[Source "ChessBase"]
[SourceQuality "1"]

{[%evp 13,61,22,40,44,41,10,50,7,39,50,46,50,52,56,93,43,158,170,185,192,232,225,247,250,264,165,167,160,160,166,165,63,171,174,190,80,395,149,524,52,439,447,922,727,703,508,6925,4369,29990,29984]} 1. c4 e5 2. Nc3 Nf6 3. Nf3 Nc6 4. g3 d5 5. cxd5 Nxd5 6. Bg2 Nxc3 7. bxc3 Be7 8. O-O {A29: English Opening: Four Knights Variation with 4 g3} O-O 9. Bb2 (9. Rb1 Rb8 10. d3 Be6 11. Qc2 Qd7 12. Rd1 Rfd8 13. Be3 Bf6 14. Nd2 b6 15. Ne4 Be7 {1-0 (39) Kalisky,V (2203)-Solovic,R (1856) Slovakia 2018}) 9... Bf6 10. d3 {White is slightly better.} a5 $146 ({Predecessor:} 10... Be6 11. Qc2 Qd7 12. Rfd1 Rad8 13. d4 exd4 14. cxd4 Bh3 15. Ne5 Bxe5 16. dxe5 Qf5 17. Be4 {1-0 (49) Repak,J (1715)-Orzechowski,M (1587) Karvina 2014}) 11. Nd2 a4 12. Rb1 Re8 13. c4 Bd7 14. Ne4 b6 (14... Be7 $14) 15. f4 $1 $16 Ra5 16. Bc3 Ra7 17. Qd2 Nd4 {Now ...exf4 and Black clings on.} 18. Rf2 exf4 19. Qxf4 {[%cal Re4f6]} Rxe4 20. Qxe4 ({Much less strong is} 20. dxe4 $6 Nxe2+ 21. Rxe2 Bxc3 $14) 20... Nxe2+ 21. Rxe2 Bxc3 22. d4 (22. Bh3 $1 $18 {[%cal Rh3d7]} g6 23. Bxd7 Qxd7 24. Qe8+ Qxe8 25. Rxe8+ Kg7 26. Kg2) 22... a3 ({Better is} 22... g6 $1 $14) 23. Kh1 $18 {Threatens to win with Rf1.} g6 24. Qd5 (24. Rf1 $18 {Black must now prevent Qd5!} Bf5 25. Rxf5 gxf5 26. Qxf5 Bxd4 27. Bc6) 24... Qc8 $2 {[%mdl 8192] [#]} (24... c6 $16 {is more resistant.} 25. Qd6 Qf8) 25. c5 $2 $40 {[%mdl 128] White is out for blood.} (25. Re7 $1 $18 {has better winning chances.} Be6 26. Qe4) 25... Ra5 $2 {[%mdl 8192] [#]} (25... Be6 $16 {is a better chance.} 26. Qc6 Kg7) 26. Qc4 $2 (26. Re7 $1 $18 Be6 27. Qc6 {[%mdl 64] Double Attack} Bxd4 28. Re8+ Qxe8 29. Qxe8+ Kg7 30. cxb6 cxb6 31. Qd8) 26... Bb2 $2 {[%mdl 8192]} ({Black should play} 26... Qa6 $14 27. Qxa6 Rxa6) 27. cxb6 {[%cal Bc5b6,Bb6b7][%mdl 32]} c6 (27... Ra4 $142 28. Qc2 Rxd4) 28. Re7 Be6 29. b7 Qb8 (29... Qxb7 $142 30. Qxe6 (30. Rxb7 Bxc4 31. Bxc6 Bxd4 $15) 30... fxe6 31. Rxb7 Rf5 32. Bxc6 Bxd4) 30. Qxc6 Kg7 31. Qxe6 {Accuracy: White = 47%, Black = 12%.} 1-0

[Event "8th Llucmajor Open 2019"]
[Site "S'Arenal de Llucmajor"]
[Date "2019.05.20"]
[Round "2.1"]
[White "Jimenez Ruano, Adrian"]
[Black "Petrov, Nikita"]
[Result "0-1"]
[WhiteElo "2339"]
[BlackElo "2610"]
[Annotator "TA"]
[PlyCount "78"]
[EventDate "2019.05.19"]
[EventType "swiss"]
[EventCountry "ESP"]
[SourceTitle "playchess.com"]
[Source "ChessBase"]
[SourceQuality "1"]

{[%evp 12,78,30,24,33,0,0,0,0,0,17,15,28,7,48,27,64,0,0,0,0,0,8,2,11,0,0,0,0,0,0,0,0,-8,-5,-10,0,-38,-32,-25,-39,-27,-25,-97,-96,-101,-89,-113,-107,-100,-102,-129,-120,-129,-55,-161,-159,-165,-153,-248,-279,-472,-461,-455,-447,-29985,-29986,-29988,-29989]} 1. e4 e5 2. Nf3 Nc6 3. Bb5 Nf6 4. O-O Nxe4 5. Re1 Nd6 6. Nxe5 Be7 7. Bf1 Nf5 {C67: Ruy Lopez: Berlin Defence: 4 0-0 Nxe4} 8. c3 (8. Nf3 {feels hotter.} O-O 9. c3 d5 10. d4 Bd6 11. Bd3) 8... Nxe5 9. Rxe5 d6 {The position is equal.} 10. Re1 O-O 11. d4 d5 12. Bf4 c5 13. Bd3 {[#]} Be6 $146 ({Predecessor:} 13... c4 14. Bc2 Be6 15. Nd2 Nh4 16. Bg3 Nf5 17. Bf4 Nh4 18. Bg3 Nf5 {½-½ (18) Wei,Y (2738)-Le,Q (2726) Danzhou 2017}) 14. Bxf5 (14. dxc5 $14 Bxc5 15. Qc2) 14... Bxf5 $11 15. dxc5 Bxc5 16. Be3 Bd6 17. Nd2 Re8 18. Qf3 Qd7 {Hoping for ...Bg4.} 19. Bf4 Bf8 20. Nb3 Be4 21. Qd1 a5 22. a4 Qf5 23. Qd2 Qg6 $40 {[%csl Ge4][%cal Rg6g2][%mdl 128] Black attacks.} 24. Bg3 h5 25. f3 $1 {[%cal Rf3e4]} Bxf3 26. gxf3 {Kh1 is the strong threat.} h4 {[%mdl 64] Black wants to play ...Rxe1+. Pin} 27. Qg2 (27. Kg2 $11 {remains equal.}) 27... hxg3 $17 28. hxg3 Bd6 29. f4 Bc7 30. Nd4 Bb6 31. Kh2 Bxd4 32. cxd4 Rac8 ({Better is} 32... Qh7+ $17 33. Kg1 Qd3) 33. Kg1 ({White should try} 33. Qxd5 $15 Red8 34. Qg5) 33... Qd3 $19 34. Red1 Qe3+ 35. Kf1 {[#]} (35. Qf2 $17 {only move.}) 35... Qb3 $1 36. Rd2 $2 (36. Re1) 36... Re3 37. Ra3 Qc4+ 38. Kg1 (38. Kf2 $19 Rxa3 39. bxa3) 38... Qc1+ 39. Kh2 {[#]} Rc6 $1 {[%mdl 512] Accuracy: White = 39%, Black = 78%.} 0-1

[Event "8th Llucmajor Open 2019"]
[Site "S'Arenal de Llucmajor"]
[Date "2019.05.20"]
[Round "2.2"]
[White "Zubov, Alexander"]
[Black "Medarde Santiago, Luis Marcos"]
[Result "1-0"]
[WhiteElo "2597"]
[BlackElo "2324"]
[Annotator "TA"]
[PlyCount "107"]
[EventDate "2019.05.19"]
[EventType "swiss"]
[EventCountry "ESP"]
[SourceTitle "playchess.com"]
[Source "ChessBase"]
[SourceQuality "1"]

{[%evp 14,133,0,0,16,0,0,0,0,0,0,0,0,0,0,-28,0,0,0,-16,-16,-26,-4,-5,-7,-26,-2,-12,33,0,0,0,23,20,14,13,91,83,80,81,78,78,95,91,102,102,103,102,104,104,114,122,127,104,122,124,127,124,112,105,105,105,105,105,105,105,105,105,130,105,170,81,142,142,185,185,185,185,185,177,175,166,167,157,421,410,421,328,429,409,1101,1061,1352,1352,1201,1170,1352,1352,1352,1352,1352,1348,1315,1104,29972,29973,29975,29975,29983,29978,29977,29977,29984,29981,29987,29988,29988,29988,29988,29989,29989,29990]} 1. Nf3 Nf6 2. c4 e6 3. b3 d5 4. Bb2 c5 5. e3 Nc6 6. cxd5 exd5 7. Bb5 Bd6 8. O-O O-O {A13: English Opening: 1...e6} 9. d4 cxd4 10. Nxd4 Bc7 {The position is equal.} (10... Qb6 11. Bd3 Be5 12. Qd2 Nxd4 13. exd4 Bd6 14. Nc3 Bd7 15. Rfe1 Rfe8 {0-1 (62) Mamedyarov,S (2801)-Giri,A (2782) chess.com INT 2018}) 11. Be2 Qd6 {[%csl Gc7][%cal Rd6h2]} 12. g3 Bb6 13. Ba3 Qe5 {[%cal Rc6d4]} 14. Nd2 Nxd4 15. exd4 Qxd4 {And now ...Re8 would win.} 16. Bxf8 Kxf8 17. Kg2 {[#]} Bd7 $146 ({Predecessor:} 17... Bf5 18. Nf3 Qe4 19. Rc1 Rd8 20. Kg1 Bh3 21. Bd3 Qb4 22. Re1 Bxf2+ {0-1 (22) D'Costa,L (2390)-Cornette,M (2597) London 2018}) 18. Nf3 Qg4 19. Ng1 Qg5 20. Bf3 Kg8 21. Qc1 (21. Nh3 {with more complications.} Qe5 22. Re1 Qd6 23. Nf4 Ba5 24. Re2) 21... Qf5 22. Qf4 Qxf4 23. gxf4 Bc7 24. Ne2 Bb5 (24... Rd8 $11) 25. Rfd1 $16 Bxe2 26. Bxe2 Bxf4 27. Bf3 Rb8 28. Bxd5 b6 29. b4 Rc8 30. Bb7 Rb8 31. b5 Kf8 32. Bc6 Rc8 33. a4 Bc7 34. Bd7 Rd8 35. Rac1 Bf4 36. Rc8 Rxc8 37. Bxc8 {[%mdl 4096] Endgame KRB-KBN} Ke7 38. h3 Bd6 39. Kf3 g6 40. Rd3 h5 41. Ke2 Bc5 {[#]} (41... Bf4 $16 42. Kf3 Bd6 43. Re3+ Kf8) 42. Bb7 (42. f4 $1 $18) 42... Bd6 (42... Ne8 $142) 43. Bc6 Bc5 44. f4 Bd6 45. Kf3 Bc5 46. Rd1 Bd6 47. Rc1 Kd8 48. Bb7 {aiming for Rc8+.} Bc7 $2 (48... Bc5 $16 49. Rd1+ Ke7) 49. Bd5 $18 Nxd5 50. Rd1 Bd6 51. Rxd5 {KR-KB} Ke7 (51... Kd7 $142 52. f5 Ke7) 52. f5 Bb4 53. Re5+ Kf6 {[#]} 54. Ke4 {Played: f5xg6} 1-0

[Event "8th Llucmajor Open 2019"]
[Site "S'Arenal de Llucmajor"]
[Date "2019.05.19"]
[Round "2.3"]
[White "Sylvan, Jacob"]
[Black "Santos Latasa, Jaime"]
[Result "1/2-1/2"]
[WhiteElo "2312"]
[BlackElo "2587"]
[Annotator "TA"]
[PlyCount "59"]
[EventDate "2019.05.19"]
[EventType "swiss"]
[EventCountry "ESP"]
[SourceTitle "playchess.com"]
[Source "ChessBase"]
[SourceQuality "1"]

{[%evp 18,59,0,15,46,-43,-34,-106,-5,-7,-15,-24,-10,-29,-14,-40,-1,-12,-14,-27,-16,-31,-8,-12,0,0,0,-35,-35,-33,-44,-46,0,0,0,-4,0,0,0,0,0,0,0,2]} 1. e4 e5 2. Nf3 Nc6 3. Bb5 a6 4. Ba4 Nf6 5. O-O b5 6. Bb3 Bb7 7. d4 Nxd4 8. Bxf7+ Kxf7 9. Nxe5+ Kg8 10. Qxd4 Qe8 {[#] aiming for ...c5. C78: Ruy Lopez: Archangelsk and Möller Defences} 11. Nf3 (11. Nd2 $14) 11... Qxe4 $15 12. Be3 $146 (12. Qd1 $15) ({Predecessor:} 12. Bf4 Qxd4 13. Nxd4 Nd5 14. Bg3 Bc5 15. Nb3 Bb6 16. N1d2 d6 17. a4 Nb4 18. axb5 axb5 {½-½ (51) Negi,P (2352)-Goloshchapov,A (2523) Hoogeveen 2005}) 12... Re8 ({Black should try} 12... Qxc2 $17 {White must now prevent ...Bxf3.} 13. Nbd2 c5) 13. Qxe4 $11 Nxe4 14. Rd1 Nf6 15. Nbd2 Nd5 16. Nf1 Bd6 17. c3 Kf7 18. a4 b4 19. c4 Nf6 20. c5 Bxf3 21. gxf3 Be5 22. Rd2 {[#]} (22. Rab1 $5 {[%cal Rf3f4]} c6 23. Bg5 $11) 22... g5 $1 {[%mdl 512]} 23. Ng3 (23. Bxg5 Rhg8) 23... Rhg8 24. Ne4 d5 25. cxd6 {Strongly threatening Rc1.The position is equal.} Nxe4 26. fxe4 {Threatens to win with d7.} cxd6 27. Rc1 Rc8 28. Rdc2 Rxc2 29. Rxc2 Ke6 30. Rc4 $1 {Accuracy: White = 49%, Black = 44%.} 1/2-1/2

[Event "8th Llucmajor Open 2019"]
[Site "S'Arenal de Llucmajor"]
[Date "2019.05.19"]
[Round "2.4"]
[White "Kantane, Anna"]
[Black "Bernadskiy, Vitaliy"]
[Result "0-1"]
[WhiteElo "2278"]
[BlackElo "2572"]
[Annotator "TA"]
[PlyCount "120"]
[EventDate "2019.05.19"]
[EventType "swiss"]
[EventCountry "ESP"]
[SourceTitle "playchess.com"]
[Source "ChessBase"]
[SourceQuality "1"]

{[%evp 21,120,34,32,31,44,44,39,39,60,30,142,164,167,157,160,160,203,147,128,82,104,116,131,122,131,83,98,78,80,80,102,94,101,0,0,0,0,0,0,0,0,0,0,0,0,0,0,0,0,0,0,0,0,0,0,-5,-6,-8,-5,-47,-50,-161,-161,-5281,-5273,-1088,-1101,-5614,-5607,-5468,-4710,-1679,-1586,-1512,-1487,-1267,-1043,-29961,-29960,-29967,-29969,-29974,-29969,-29969,-29968,-29969,-29969,-29970,-29970,-29971,-29973,-29973,-29973,-29969,-29975,-29975,-29976,-29976,-29977,-29977,-29979]} 1. e4 Nf6 2. e5 Nd5 3. d4 d6 4. c4 Nb6 5. exd6 exd6 6. h3 Be7 7. Nf3 O-O 8. Be2 Bf6 9. Nc3 Bf5 10. O-O Nc6 11. Bf4 Re8 12. Re1 {B03: Alekhine's Defence: Four Pawns Attack} a5 13. Rc1 $146 ({Predecessor:} 13. Qd2 a4 14. Rac1 h6 15. b3 axb3 16. axb3 Qd7 17. Be3 Ra3 18. Qb2 Raa8 19. Qd2 Ra3 {1-0 (55) Abergel,T (2474)-Sowray,P (2339) France 2006}) 13... a4 14. Nb5 {White is slightly better.} Qd7 15. Bh2 Be4 (15... Na7 $11 {remains equal.}) 16. c5 $1 $16 {[%cal Rc5b6]} Bxf3 17. Bxf3 Rxe1+ 18. Qxe1 Re8 19. Qd1 ({Not} 19. cxb6 Rxe1+ 20. Rxe1 cxb6 $11) 19... dxc5 {[%cal Rc6d4]} 20. dxc5 Qxd1+ 21. Rxd1 Nc4 22. Nxc7 Rd8 23. Rxd8+ Bxd8 24. b3 Nd2 25. Bxc6 axb3 26. axb3 bxc6 {[%mdl 4096] Endgame KBN-KBN} 27. Na6 (27. b4 $16) 27... Nxb3 $11 28. Nb8 Na5 29. Be5 Be7 30. Bc3 Nb3 31. Nxc6 Bxc5 32. Kf1 f6 33. Ke2 Kf7 34. f3 Ke6 35. Kd3 Nc1+ 36. Kd2 Na2 37. Bd4 Bd6 {Threatens to win with ...Kd5.} 38. Bb2 Kd5 39. Na7 $1 Nb4 40. Bc3 Kc4 {...Bf4+ is the strong threat.} 41. Bxb4 ({Only move:} 41. Ke2 $1 $15) 41... Bxb4+ $15 {KB-KN} 42. Ke2 $2 (42. Kc2) 42... Kc5 $19 43. Kd3 Ba3 $1 44. Kc3 Kb6 $1 {[%cal Rb6a7]} 45. Kb3 {[#]} Bf8 $1 46. Kc4 Kxa7 {KB-K3P} 47. Kd5 Bb4 48. Ke6 Bc3 49. f4 Kb6 {Black mates.} 50. Kf7 f5 51. Kg8 h6 52. Kf7 h5 53. Kg6 h4 54. Kxf5 Kc5 55. Kg5 Bf6+ 56. Kg4 Kd5 57. g3 hxg3 58. Kxg3 Ke4 59. Kg4 g6 60. h4 {[#]} Bxh4 $1 {[%mdl 512] Accuracy: White = 48%, Black = 80%.} 0-1